000 00891nam a2200169 a 4500
001 000034694
005 20200930073838.0
008 111019s1935 sp 000 0 spa d
040 _aDO-SdBNP
_bspa
_cBNPHU
082 _a891.3
_bB142c
100 1 _aBaeza, Ricardo
_d1890-1956
_943754
245 1 0 _aComprensión de Dostoiewsky :
_by otros ensayos /
_cRicardo Baeza.
260 _aBarcelona, :
_bJuventud,
_c1935.
300 _a272 p. ;
_c19 cm.
505 0 _aFeodor Dostoiewsky --
_tPedro Kropotkin --
_tGeorge Bernard Shaw --
_tH. G . Wells --
_tEmile Zola --
_tGabriel Miró --
_tAzorín y la generación del 98 --
_tDelante del Profesor Einstein --
_tSamuel Butler, "dilettante" consumado --
_tDadá --
_tNaturistas triunfantes --
_tLeyendo a Fray Luis --
_tJorge Brandès, "Gran Europeo" --
_tMemoria de François de Curel --
_tEn la muerte de en Joan Alcover
910 _aValidado. Control de calidad MFF
999 _c34185
_d34185